[Event "DEN-chT 2425 62nd"]
[Site "Denmark"]
[Date "2025.03.30"]
[Round "9.4"]
[White "Schandorff, Lars"]
[Black "Olsen, Filip Boe"]
[Result "0-1"]
[WhiteElo "2471"]
[BlackElo "2470"]
[PlyCount "118"]
[EventDate "2024.11.02"]
[EventType "team-tourn"]
[EventRounds "9"]
[EventCountry "DEN"]
[SourceTitle "CB16_2025"]
[SourceDate "2025.04.16"]
[SourceVersion "1"]
[SourceVersionDate "2025.04.16"]
[SourceQuality "1"]
[WhiteTeam "Hillerod"]
[BlackTeam "Skanderborg Nordea"]
[WhiteTeamCountry "DEN"]
[BlackTeamCountry "DEN"]

1. d4 Nf6 2. Nf3 d5 3. e3 c5 4. c3 e6 5. Bd3 Nbd7 6. Nbd2 b6 7. Qe2 Bb7 8. e4 cxd4 9. Nxd4 Qb8 10. exd5 Nxd5 11. N2f3 a6 12. 0-0 Nf4 13. Bxf4 Qxf4 14. Rfe1 Be7 15. Be4 Bxe4 16. Qxe4 Qxe4 17. Rxe4 Rc8 18. Rd1 Nc5 19. Re2 0-0 20. Nf5 Bf6 21. Ng3 Rfd8 22. Red2 Rxd2 23. Rxd2 Kf8 24. Kf1 g6 25. Ke2 Ke7 26. Ne1 e5 27. Nd3 Bg5 28. Rd1 Nxd3 29. Rxd3 f5 30. f3 h5 31. Nf1 Ke6 32. Ne3 Bxe3 33. Kxe3 f4+ 34. Kf2 g5 35. Rd2 b5 36. Ke2 Rg8 37. Kf2 g4 38. Rd1 a5 39. a3 a4 40. Rd2 Rg7 41. Rd8 Rd7 42. Re8+ Kd5 43. Ke2 Rg7 44. Rh8 Rg5 45. Rd8+ Kc4 46. Rc8+ Kb3 47. Rc5 gxf3+ 48. gxf3 Rg2+ 49. Kd3 Rxb2 50. Rxb5+ Kxa3 51. Rxe5 Rxh2 52. c4 Rh1 53. Rb5 h4 54. Ke4 Rc1 55. Kxf4 Rxc4+ 56. Kg5 h3 57. Rb8 h2 58. Rh8 Rc2 59. f4 Rg2+ 0-1

[Event "DEN-chT 2425 62nd"]
[Site "Denmark"]
[Date "2025.03.29"]
[Round "8.4"]
[White "Sorensen, Jan"]
[Black "Schandorff, Lars"]
[Result "1/2-1/2"]
[WhiteElo "2370"]
[BlackElo "2471"]
[PlyCount "41"]
[EventDate "2024.11.02"]
[EventType "team-tourn"]
[EventRounds "9"]
[EventCountry "DEN"]
[SourceTitle "CB16_2025"]
[SourceDate "2025.04.16"]
[SourceVersion "1"]
[SourceVersionDate "2025.04.16"]
[SourceQuality "1"]
[WhiteTeam "Aarhus/Skolerne"]
[BlackTeam "Hillerod"]
[WhiteTeamCountry "DEN"]
[BlackTeamCountry "DEN"]

1. e4 c6 2. d4 d5 3. exd5 cxd5 4. Bd3 Nc6 5. c3 Nf6 6. Bf4 Bg4 7. Qb3 Qd7 8. Nd2 e6 9. Ngf3 Bd6 10. Bxd6 Qxd6 11. 0-0 0-0 12. Rae1 Bxf3 13. Nxf3 Qc7 14. Qc2 Rab8 15. Qe2 a6 16. Ne5 Nxe5 17. dxe5 Nd7 18. f4 Rfe8 19. Kh1 g6 20. Rf3 Re7 21. Re3 1/2-1/2

[Event "DEN-chT 2324 61st"]
[Site "Denmark"]
[Date "2023.12.10"]
[Round "4.3"]
[White "Schandorff, Lars"]
[Black "Aabling Thomsen, Jakob"]
[Result "1-0"]
[WhiteElo "2471"]
[BlackElo "2346"]
[PlyCount "69"]
[EventDate "2023.10.28"]
[EventType "team-tourn"]
[EventRounds "9"]
[EventCountry "DEN"]
[SourceTitle "CBM 219 Extra"]
[Source "ChessBase"]
[SourceDate "2024.05.31"]
[SourceVersion "1"]
[SourceVersionDate "2024.05.31"]
[SourceQuality "1"]
[WhiteTeam "Hillerod"]
[BlackTeam "Bronshoj"]
[WhiteTeamCountry "DEN"]
[BlackTeamCountry "DEN"]

1. d4 f5 2. Bf4 Nf6 3. e3 g6 4. h4 h6 5. Nc3 e6 6. Qf3 Rg8 7. e4 Nc6 8. 0-0-0 fxe4 9. Nxe4 Nxe4 10. Qxe4 d5 11. Qe3 Bd7 12. Bxh6 Bxh6 13. Qxh6 Qf6 14. Nf3 0-0-0 15. Qg5 Qg7 16. c3 Rdf8 17. Bd3 Rf6 18. Rd2 a6 19. Re1 Qf7 20. Qe3 Rf8 21. Ng5 Qg8 22. g3 Na5 23. Rde2 e5 24. Qxe5 Rxf2 25. Rxf2 Rxf2 26. Rf1 Nc6 27. Qe3 Rf8 28. Rxf8+ Qxf8 29. Kd2 Ne7 30. Qf3 Qh8 31. Qf7 Nf5 32. Bxf5 gxf5 33. Nh7 f4 34. Qxf4 Kd8 35. Qf6+ 1-0

[Event "DEN-chT 2324 61st"]
[Site "Denmark"]
[Date "2023.10.28"]
[Round "1.3"]
[White "Ahlander, Bjorn"]
[Black "Schandorff, Lars"]
[Result "1/2-1/2"]
[WhiteElo "2400"]
[BlackElo "2471"]
[PlyCount "40"]
[EventDate "2023.10.28"]
[EventType "team-tourn"]
[EventRounds "9"]
[EventCountry "DEN"]
[SourceTitle "CBM 216 Extra"]
[Source "ChessBase"]
[SourceDate "2023.11.30"]
[SourceVersion "1"]
[SourceVersionDate "2023.11.30"]
[SourceQuality "1"]
[WhiteTeam "Koge"]
[BlackTeam "Hillerod"]
[WhiteTeamCountry "DEN"]
[BlackTeamCountry "DEN"]

1. d4 Nf6 2. c4 e6 3. Nf3 d5 4. Nc3 Be7 5. Bg5 h6 6. Bh4 0-0 7. e3 b6 8. Bd3 dxc4 9. Bxc4 Bb7 10. 0-0 Nbd7 11. Qe2 a6 12. a4 c5 13. Rad1 Qe8 14. Rfe1 Ra7 15. Bg3 cxd4 16. exd4 Qa8 17. Ba2 Nd5 18. Ne4 N7f6 19. Bb1 Bb4 20. Rf1 Nxe4 1/2-1/2

[Event "DEN-ch"]
[Site "Svendborg"]
[Date "2023.04.08"]
[Round "8"]
[White "Schandorff, Lars"]
[Black "Haubro, Martin"]
[Result "1/2-1/2"]
[WhiteElo "2478"]
[BlackElo "2397"]
[PlyCount "92"]
[EventDate "2023.04.01"]
[EventType "tourn"]
[EventRounds "9"]
[EventCountry "DEN"]
[EventCategory "9"]
[SourceTitle "CBM 213 Extra"]
[Source "ChessBase"]
[SourceDate "2023.05.31"]
[SourceVersion "1"]
[SourceVersionDate "2023.05.31"]
[SourceQuality "1"]

1. Nf3 d5 2. g3 g6 3. Bg2 Bg7 4. d4 Nf6 5. 0-0 0-0 6. c3 c6 7. Bf4 Nbd7 8. Qc1 Re8 9. Re1 Qb6 10. Nbd2 h6 11. Ne5 g5 12. Be3 Qc7 13. Ndf3 Ne4 14. Nd3 Nd6 15. b3 b6 16. Qc2 Bb7 17. Rac1 c5 18. Nde5 Rac8 19. Qb1 Nxe5 20. Nxe5 f6 21. Nd3 c4 22. Nb2 Qd7 23. bxc4 Nxc4 24. Nxc4 Rxc4 25. Bd2 f5 26. e3 e6 27. h3 Rec8 28. f4 R4c7 29. Bf1 Kh8 30. Kh2 Qe7 31. Be2 Rg8 32. Rg1 Bf8 33. Rg2 Qf6 34. Kg1 Rcg7 35. Kf2 Bd6 36. Rcg1 Qf7 37. Qd1 Bc6 38. Be1 Qe8 39. Qd3 Qc8 40. Kf1 a6 41. Qb1 b5 42. Bd3 Qe8 43. Qd1 Qf7 44. Be2 Be8 45. Bd2 Qg6 46. Qe1 Qf6 1/2-1/2

[Event "DEN-chT 2223 60th"]
[Site "Denmark"]
[Date "2023.03.26"]
[Round "9.4"]
[White "Schandorff, Lars"]
[Black "Thybo, Jesper Sondergaard"]
[Result "1/2-1/2"]
[WhiteElo "2476"]
[BlackElo "2498"]
[PlyCount "58"]
[EventDate "2022.10.29"]
[EventType "team-tourn"]
[EventRounds "9"]
[EventCountry "DEN"]
[SourceTitle "CBM 213 Extra"]
[Source "ChessBase"]
[SourceDate "2023.05.31"]
[SourceVersion "1"]
[SourceVersionDate "2023.05.31"]
[SourceQuality "1"]
[WhiteTeam "Hillerod"]
[BlackTeam "Koge Xtracon"]
[WhiteTeamCountry "DEN"]
[BlackTeamCountry "DEN"]

1. Nf3 c5 2. c4 Nf6 3. Nc3 e6 4. e3 a6 5. d4 d5 6. cxd5 exd5 7. Be2 Nc6 8. 0-0 Bd6 9. dxc5 Bxc5 10. a3 0-0 11. b4 Ba7 12. Bb2 Be6 13. Rc1 d4 14. exd4 Nxd4 15. Nxd4 Qxd4 16. Qxd4 Bxd4 17. Bf3 Rab8 18. Rfd1 Rfd8 19. Na4 Bxb2 20. Nxb2 Bd5 21. Bxd5 Nxd5 22. Na4 Nf4 23. Kf1 Ne6 24. Nc5 Rxd1+ 25. Rxd1 Nxc5 26. bxc5 Rc8 27. Rd7 g6 28. Rxb7 Rxc5 29. Rb3 h5 1/2-1/2

[Event "DEN-chT 2223 60th"]
[Site "Denmark"]
[Date "2023.03.25"]
[Round "8.4"]
[White "Andersen, Mads"]
[Black "Schandorff, Lars"]
[Result "1-0"]
[WhiteElo "2604"]
[BlackElo "2476"]
[PlyCount "65"]
[EventDate "2022.10.29"]
[EventType "team-tourn"]
[EventRounds "9"]
[EventCountry "DEN"]
[SourceTitle "CBM 213 Extra"]
[Source "ChessBase"]
[SourceDate "2023.05.31"]
[SourceVersion "1"]
[SourceVersionDate "2023.05.31"]
[SourceQuality "1"]
[WhiteTeam "Skanderborg Nordea"]
[BlackTeam "Hillerod"]
[WhiteTeamCountry "DEN"]
[BlackTeamCountry "DEN"]

1. e4 e5 2. Nf3 Nc6 3. Bc4 Nf6 4. d3 Bc5 5. 0-0 d6 6. c3 a5 7. Re1 0-0 8. h3 h6 9. Bb3 Ba7 10. d4 Re8 11. Bc2 exd4 12. cxd4 Nb4 13. Nc3 Nxc2 14. Qxc2 d5 15. e5 Ne4 16. Nxe4 Bf5 17. Nf6+ Qxf6 18. Qxc7 Qa6 19. Be3 Rac8 20. Qd6 Qb5 21. a4 Qc6 22. Rac1 Qxa4 23. Qxd5 Qb4 24. Bd2 Qxb2 25. e6 Bxe6 26. Rxc8 Bxd5 27. Rexe8+ Kh7 28. Ne5 g5 29. Rh8+ Kg7 30. Rcg8+ Kf6 31. Rxh6+ Kf5 32. Rxg5+ Ke4 33. Rh4# 1-0

[Event "DEN-chT 2223 60th"]
[Site "Denmark"]
[Date "2023.01.15"]
[Round "6.1"]
[White "Schandorff, Lars"]
[Black "Sloth, Jorn"]
[Result "1-0"]
[WhiteElo "2476"]
[BlackElo "2296"]
[PlyCount "135"]
[EventDate "2022.10.29"]
[EventType "team-tourn"]
[EventRounds "9"]
[EventCountry "DEN"]
[SourceTitle "CBM 213 Extra"]
[Source "ChessBase"]
[SourceDate "2023.05.31"]
[SourceVersion "1"]
[SourceVersionDate "2023.05.31"]
[SourceQuality "1"]
[WhiteTeam "Hillerod"]
[BlackTeam "Nordre"]
[WhiteTeamCountry "DEN"]
[BlackTeamCountry "DEN"]

1. d4 e6 2. Bf4 Bd6 3. Bxd6 cxd6 4. c4 Nf6 5. Nc3 0-0 6. e3 b6 7. Nf3 d5 8. cxd5 exd5 9. Qb3 Bb7 10. Be2 Kh8 11. 0-0 Nc6 12. a3 Qe7 13. Qa2 Qd6 14. Rac1 Rac8 15. Rfd1 Kg8 16. Bd3 Rfe8 17. Ne2 g6 18. Nf4 Kg7 19. b4 Ne7 20. Ne5 Rc7 21. Rxc7 Qxc7 22. Ne2 Rc8 23. Qb2 d6 24. Nf3 Ne4 25. Rc1 Qd8 26. Ne1 Rxc1 27. Qxc1 Qc8 28. Qxc8 Nxc8 29. f3 Nf6 30. g4 h5 31. h3 hxg4 32. hxg4 Nh7 33. Nc3 Ng5 34. Kf2 Ne6 35. Ng2 Kf8 36. Kg3 Ke8 37. Nf4 Nxf4 38. Kxf4 Kf8 39. Bc2 Bc6 40. Bd3 Bb7 41. Bb5 Ne7 42. Bd7 a6 43. b5 axb5 44. Nxb5 Bc8 45. Bxc8 Nxc8 46. Nc7 Ne7 47. g5 Kg8 48. Ne8 Nc8 49. Nf6+ Kf8 50. Nxd5 Ke8 51. Ke4 Kd7 52. Kd3 Kc6 53. e4 Kb5 54. Nc3+ Ka5 55. Kc4 b5+ 56. Kd5 b4 57. axb4+ Kxb4 58. Nd1 Kb5 59. Ne3 Kb6 60. Kc4 Na7 61. d5 Kc7 62. Kb4 Kd7 63. Ka5 Nc8 64. Ka6 Ne7 65. Kb7 Ng8 66. Ng4 Ne7 67. Nh6 Ke8 68. Kc7 1-0

[Event "DEN-chT 2223 60th"]
[Site "Denmark"]
[Date "2023.01.14"]
[Round "5.1"]
[White "Schandorff, Lars"]
[Black "Castellanos Rodriguez, Renier"]
[Result "0-1"]
[WhiteElo "2476"]
[BlackElo "2474"]
[PlyCount "88"]
[EventDate "2022.10.29"]
[EventType "team-tourn"]
[EventRounds "9"]
[EventCountry "DEN"]
[SourceTitle "CBM 213 Extra"]
[Source "ChessBase"]
[SourceDate "2023.05.31"]
[SourceVersion "1"]
[SourceVersionDate "2023.05.31"]
[SourceQuality "1"]
[WhiteTeam "Hillerod"]
[BlackTeam "Bronshoj"]
[WhiteTeamCountry "DEN"]
[BlackTeamCountry "DEN"]

1. Nf3 Nf6 2. g3 d5 3. Bg2 e6 4. 0-0 Be7 5. c4 0-0 6. b3 c5 7. Bb2 d4 8. e3 Nc6 9. exd4 cxd4 10. Re1 Ng4 11. h3 Nh6 12. Ne5 Nxe5 13. Rxe5 f6 14. Re1 e5 15. Ba3 Nf7 16. d3 Rb8 17. Bxe7 Qxe7 18. a3 Be6 19. b4 Qd7 20. Kh2 b5 21. c5 Bd5 22. Bxd5 Qxd5 23. Nd2 Nd8 24. f4 exf4 25. gxf4 Nc6 26. Ne4 a5 27. Qd2 Kh8 28. Nd6 g5 29. Rf1 gxf4 30. Qxf4 axb4 31. axb4 Qe5 32. Ra6 Nxb4 33. Ra7 Nxd3 34. Qxe5 Nxe5 35. Rf5 Ra8 36. Rxa8 Rxa8 37. Nxb5 d3 38. Rxf6 d2 39. Rd6 Rg8 40. h4 Ng4+ 41. Kg3 Ne3+ 42. Kf4 d1Q 43. Rxd1 Nxd1 44. c6 Nb2 0-1

[Event "DEN-ch"]
[Site "Svendborg"]
[Date "2022.04.14"]
[Round "6"]
[White "Schandorff, Lars"]
[Black "Olsen, Filip Boe"]
[Result "1/2-1/2"]
[WhiteElo "2475"]
[BlackElo "2402"]
[PlyCount "62"]
[EventDate "2022.04.09"]
[EventType "tourn"]
[EventRounds "9"]
[EventCountry "DEN"]
[EventCategory "8"]
[SourceTitle "CBM 207 Extra"]
[Source "ChessBase"]
[SourceDate "2022.05.31"]
[SourceVersion "1"]
[SourceVersionDate "2022.05.31"]
[SourceQuality "1"]

1. c4 e6 2. Nf3 Nf6 3. Nc3 d5 4. e3 b6 5. b3 Bb7 6. Bb2 Nbd7 7. cxd5 exd5 8. Rc1 a6 9. d4 Bd6 10. g3 0-0 11. Bg2 Re8 12. 0-0 Ne4 13. Qc2 Qe7 14. Ne5 Nxe5 15. Nxe4 Nf3+ 16. Bxf3 dxe4 17. Bg2 h5 18. Rce1 h4 19. f4 exf3 20. Bxf3 Bxf3 21. Rxf3 Qe4 22. Qxe4 Rxe4 23. Kf2 Rae8 24. Rg1 Kf8 25. gxh4 Rxh4 26. h3 f6 27. Bc3 Kf7 28. Be1 Rhe4 29. Bc3 Rh4 30. Be1 Rhe4 31. Bc3 Rh4 1/2-1/2

[Event "DEN-ch"]
[Site "Svendborg"]
[Date "2022.04.12"]
[Round "4"]
[White "Thybo, Jesper Sondergaard"]
[Black "Schandorff, Lars"]
[Result "1-0"]
[WhiteElo "2559"]
[BlackElo "2475"]
[PlyCount "57"]
[EventDate "2022.04.09"]
[EventType "tourn"]
[EventRounds "9"]
[EventCountry "DEN"]
[EventCategory "8"]
[SourceTitle "CBM 207 Extra"]
[Source "ChessBase"]
[SourceDate "2022.05.31"]
[SourceVersion "1"]
[SourceVersionDate "2022.05.31"]
[SourceQuality "1"]

1. Nf3 d5 2. g3 b6 3. Bg2 Bb7 4. c4 dxc4 5. Qa4+ Nd7 6. Qxc4 e6 7. 0-0 Ngf6 8. b3 Bd6 9. Bb2 0-0 10. d4 Qe7 11. Nbd2 c5 12. dxc5 Bxc5 13. a3 Rac8 14. Qh4 b5 15. b4 Bd6 16. Rfc1 e5 17. Qg5 Rxc1+ 18. Rxc1 Rc8 19. Nh4 Rxc1+ 20. Bxc1 Bxg2 21. Nf5 Qf8 22. Kxg2 Bc7 23. Nf3 Kh8 24. Bb2 Nd5 25. Qc1 Qb8 26. Qc6 N5f6 27. Ng5 Kg8 28. Ne7+ Kf8 29. Nd5 1-0

[Event "DEN-chT 2122 59th"]
[Site "Denmark"]
[Date "2022.03.19"]
[Round "8.5"]
[White "Baekgaard, Martin"]
[Black "Schandorff, Lars"]
[Result "0-1"]
[WhiteElo "2311"]
[BlackElo "2458"]
[PlyCount "54"]
[EventDate "2021.10.30"]
[EventType "team-tourn"]
[EventRounds "9"]
[EventCountry "DEN"]
[SourceTitle "EXT 2023"]
[Source "ChessBase"]
[SourceDate "2022.10.05"]
[SourceVersion "1"]
[SourceVersionDate "2022.10.05"]
[SourceQuality "1"]
[WhiteTeam "Jetsmark"]
[BlackTeam "Hillerod"]
[WhiteTeamCountry "DEN"]
[BlackTeamCountry "DEN"]

1. e4 e5 2. Nf3 Nc6 3. Bc4 Bc5 4. c3 Nf6 5. d4 exd4 6. e5 d5 7. Bb5 Ne4 8. cxd4 Bb6 9. Bxc6+ bxc6 10. 0-0 0-0 11. Be3 Bg4 12. Qc2 Bxf3 13. gxf3 Ng5 14. Nd2 f6 15. f4 fxe5 16. fxe5 Ne6 17. Qxc6 Nxd4 18. Bxd4 Bxd4 19. Nb3 Bb6 20. Kh1 Bxf2 21. Rad1 Bb6 22. Rxf8+ Qxf8 23. Qxd5+ Kh8 24. e6 Re8 25. Qc6 Rxe6 26. Qg2 Rf6 27. Re1 h6 0-1

[Event "DEN-chT 2122 59th"]
[Site "Denmark"]
[Date "2022.02.27"]
[Round "7.4"]
[White "Rasmussen, Casper"]
[Black "Schandorff, Lars"]
[Result "0-1"]
[WhiteElo "2289"]
[BlackElo "2458"]
[PlyCount "80"]
[EventDate "2021.10.30"]
[EventType "team-tourn"]
[EventRounds "9"]
[EventCountry "DEN"]
[SourceTitle "EXT 2023"]
[Source "ChessBase"]
[SourceDate "2022.10.05"]
[SourceVersion "1"]
[SourceVersionDate "2022.10.05"]
[SourceQuality "1"]
[WhiteTeam "Obro"]
[BlackTeam "Hillerod"]
[WhiteTeamCountry "DEN"]
[BlackTeamCountry "DEN"]

1. Nf3 Nf6 2. c4 e6 3. b3 d5 4. Bb2 Be7 5. e3 0-0 6. Nc3 dxc4 7. Bxc4 c5 8. 0-0 a6 9. a4 Nc6 10. d4 cxd4 11. Nxd4 Na5 12. Be2 e5 13. Nf3 Be6 14. Nxe5 Nxb3 15. Qxd8 Rfxd8 16. Rad1 Nd2 17. Rfe1 Bb3 18. Rc1 Rac8 19. Nf3 Nde4 20. Bd1 Bxd1 21. Rexd1 Rxd1+ 22. Nxd1 Rxc1 23. Bxc1 Bb4 24. Ne5 Nc5 25. Nb2 Bc3 26. Ned3 Nfe4 27. Kf1 Bxb2 28. Nxc5 Nxc5 29. Bxb2 Nxa4 30. Bd4 Kf8 31. Ke2 g6 32. Kd3 Ke7 33. Kc4 Kd6 34. Kb4 b5 35. g4 Kc6 36. h4 Nb6 37. Ka5 Nc4+ 38. Kxa6 b4 39. Ka7 b3 40. Kb8 Kd7 0-1

[Event "DEN-chT 2122 59th"]
[Site "Denmark"]
[Date "2021.12.12"]
[Round "3.4"]
[White "Banusz, Tamas"]
[Black "Schandorff, Lars"]
[Result "1-0"]
[WhiteElo "2610"]
[BlackElo "2458"]
[PlyCount "101"]
[EventDate "2021.10.30"]
[EventType "team-tourn"]
[EventRounds "9"]
[EventCountry "DEN"]
[SourceTitle "EXT 2023"]
[Source "ChessBase"]
[SourceDate "2022.10.05"]
[SourceVersion "1"]
[SourceVersionDate "2022.10.05"]
[SourceQuality "1"]
[WhiteTeam "Koge Xtracon"]
[BlackTeam "Hillerod"]
[WhiteTeamCountry "DEN"]
[BlackTeamCountry "DEN"]

1. Nf3 c5 2. c4 Nc6 3. Nc3 Nf6 4. e3 e5 5. d4 e4 6. d5 exf3 7. dxc6 dxc6 8. Qxd8+ Kxd8 9. gxf3 g6 10. b3 Bg7 11. Bb2 Ke7 12. Ne4 b6 13. Bg2 Rd8 14. Ng3 Ne8 15. Bxg7 Nxg7 16. f4 Bd7 17. h4 h5 18. Be4 Rac8 19. Ke2 Bg4+ 20. f3 Be6 21. Rac1 Rd6 22. Rhd1 Rcd8 23. Rxd6 Rxd6 24. Bb1 Rd8 25. Bd3 Bc8 26. Be4 Rd6 27. Nh1 Bf5 28. Nf2 Re6 29. Rc3 Rd6 30. Nh1 Be6 31. Rc1 Bf5 32. Rg1 Bc8 33. Bd3 Rd8 34. Nf2 Rd6 35. Nd1 Kf8 36. Nc3 Ke7 37. a3 Kf8 38. b4 cxb4 39. axb4 Be6 40. e4 Rd7 41. Ra1 Rc7 42. Ke3 Ne8 43. c5 Nf6 44. Ra3 Rb7 45. Ne2 Bd7 46. Nd4 b5 47. Ra6 Rc7 48. Bxb5 Rb7 49. Bxc6 Rxb4 50. Bxd7 Rc4 51. Rxf6 1-0

[Event "DEN-chT 2122 59th"]
[Site "Denmark"]
[Date "2021.10.30"]
[Round "1.2"]
[White "Glud, Jakob Vang"]
[Black "Schandorff, Lars"]
[Result "0-1"]
[WhiteElo "2524"]
[BlackElo "2458"]
[PlyCount "140"]
[EventDate "2021.10.30"]
[EventType "team-tourn"]
[EventRounds "9"]
[EventCountry "DEN"]
[SourceTitle "CBM 204 Extra"]
[Source "ChessBase"]
[SourceDate "2021.11.30"]
[SourceVersion "1"]
[SourceVersionDate "2021.11.30"]
[SourceQuality "1"]
[WhiteTeam "Aarhus/Skolerne"]
[BlackTeam "Hillerod"]
[WhiteTeamCountry "DEN"]
[BlackTeamCountry "DEN"]

1. c4 c5 2. g3 g6 3. Bg2 Bg7 4. Nc3 Nc6 5. Nf3 e6 6. 0-0 Nge7 7. d3 0-0 8. Bf4 d5 9. cxd5 Nxd5 10. Bg5 Qd7 11. Qd2 Re8 12. h4 b6 13. Nh2 f5 14. h5 Bb7 15. Nf3 Nf6 16. hxg6 hxg6 17. Qf4 Ng4 18. Rad1 Nd4 19. e4 Nxf3+ 20. Bxf3 Ne5 21. Bg2 Nf7 22. Qh4 Nxg5 23. Qxg5 Kf7 24. Rfe1 Rad8 25. g4 Bf6 26. Qd2 Rh8 27. Ne2 fxg4 28. Nc3 Be5 29. Qg5 Rh5 30. Qxg4 Kg7 31. Re3 Rf8 32. Rf3 Rxf3 33. Bxf3 Qe7 34. Kf1 Qf6 35. Ke2 Rh4 36. Qg2 Rh2 37. Qg4 Rh4 38. Qg2 Ba6 39. Rg1 Rh2 40. Qg5 Bxd3+ 41. Kxd3 Qxf3+ 42. Kc4 Qf6 43. Qxf6+ Kxf6 44. Nd1 Rh4 45. Kd3 b5 46. b3 Rh3+ 47. Ke2 Bd4 48. Rg4 e5 49. f4 Rh2+ 50. Kd3 Rxa2 51. fxe5+ Bxe5 52. Ne3 Rb2 53. Nd5+ Kf7 54. b4 cxb4 55. Rg5 Bf6 56. Rg1 Rb3+ 57. Ke2 Bd4 58. Rf1+ Ke6 59. Rf8 a5 60. Nc7+ Ke7 61. Ra8 Kd7 62. Nxb5 Bb6 63. Ra6 Rb2+ 64. Kd3 Kc6 65. Nd6 Rb3+ 66. Kd2 Kxd6 67. Rxb6+ Ke5 68. Rxg6 Kxe4 69. Rd6 Rc3 70. Rd8 Rc5 0-1

[Event "DEN-ch"]
[Site "Svendborg"]
[Date "2021.10.22"]
[Round "7"]
[White "Schandorff, Lars"]
[Black "Antonsen, Mikkel"]
[Result "1-0"]
[WhiteElo "2458"]
[BlackElo "2409"]
[PlyCount "125"]
[EventDate "2021.10.16"]
[EventType "tourn"]
[EventRounds "9"]
[EventCountry "DEN"]
[EventCategory "9"]
[SourceTitle "CBM 204 Extra"]
[Source "ChessBase"]
[SourceDate "2021.11.30"]
[SourceVersion "1"]
[SourceVersionDate "2021.11.30"]
[SourceQuality "1"]

1. d4 Nf6 2. Nf3 d5 3. Bf4 e6 4. e3 c5 5. c3 Bd6 6. Nbd2 0-0 7. Bg3 Qc7 8. dxc5 Qxc5 9. Bd3 Nbd7 10. Qe2 e5 11. e4 dxe4 12. Bxe4 Re8 13. 0-0-0 Bf8 14. Bc2 a5 15. Rhe1 Ra6 16. Qc4 e4 17. Nd4 Qxc4 18. Nxc4 Nc5 19. Nb5 Be6 20. Ncd6 Rd8 21. a4 Rb6 22. h3 Rd7 23. Be5 Ba2 24. Rd4 Rc6 25. Red1 Nb3+ 26. Bxb3 Bxb3 27. R1d2 Re7 28. Bxf6 gxf6 29. Nf5 Re5 30. g4 Be6 31. Rd8 Bxf5 32. gxf5 Kg7 33. Nd4 Rc7 34. Kd1 Be7 35. Rb8 Bc5 36. Ke2 Kh6 37. Rd8 Be7 38. Rg8 Bc5 39. Rg4 Bxd4 40. Rxd4 Rce7 41. Ke3 Rxf5 42. Rdxe4 Re6 43. Rgf4 Rxf4 44. Kxf4 Rb6 45. Re2 Kh5 46. Kg3 Kg5 47. Rd2 f5 48. h4+ Kg6 49. f3 Kf6 50. Kf4 Rc6 51. Rd4 h6 52. Rd7 Rc4+ 53. Kg3 Rxa4 54. Rxb7 h5 55. Rb6+ Kg7 56. b4 axb4 57. cxb4 Ra3 58. Kf4 Rb3 59. b5 Rb4+ 60. Kg5 f6+ 61. Kxh5 Rf4 62. Rb7+ Kf8 63. b6 1-0

[Event "DEN Club Cup"]
[Site "Koge"]
[Date "2021.06.27"]
[Round "4.2"]
[White "Rozentalis, Eduardas"]
[Black "Schandorff, Lars"]
[Result "1-0"]
[WhiteElo "2526"]
[BlackElo "2463"]
[PlyCount "57"]
[EventDate "2021.06.25"]
[EventType "team-tourn"]
[EventRounds "5"]
[EventCountry "DEN"]
[SourceTitle "EXT 2023"]
[Source "ChessBase"]
[SourceDate "2022.10.05"]
[SourceVersion "1"]
[SourceVersionDate "2022.10.05"]
[SourceQuality "1"]
[WhiteTeam "Koge Xtracon"]
[BlackTeam "Hillerod"]
[WhiteTeamCountry "DEN"]
[BlackTeamCountry "DEN"]

1. e4 c6 2. Nc3 d5 3. Nf3 dxe4 4. Nxe4 Nf6 5. Qe2 Nxe4 6. Qxe4 Qa5 7. Qe3 Bf5 8. Nd4 g6 9. b3 Bg7 10. Bb2 0-0 11. Bc3 Qd5 12. Nxf5 Qxf5 13. Bd3 Qd7 14. h4 h5 15. 0-0-0 a5 16. g4 a4 17. b4 Qd5 18. Kb1 hxg4 19. h5 gxh5 20. Rdg1 Bxc3 21. Qh6 f5 22. dxc3 Rf6 23. Qg5+ Kf7 24. Rxh5 Nd7 25. Rh7+ Ke8 26. Re1 Qd6 27. Bxf5 Nf8 28. Rg7 a3 29. Bxg4 1-0

[Event "DEN-chT 1920 58th"]
[Site "Denmark"]
[Date "2019.11.23"]
[Round "1.2"]
[White "Haubro, Martin"]
[Black "Schandorff, Lars"]
[Result "1/2-1/2"]
[WhiteElo "2358"]
[BlackElo "2480"]
[PlyCount "48"]
[EventDate "2019.11.23"]
[EventType "team-tourn"]
[EventRounds "9"]
[EventCountry "DEN"]
[SourceTitle "CBM 193 Extra"]
[Source "ChessBase"]
[SourceDate "2020.01.31"]
[SourceVersion "1"]
[SourceVersionDate "2020.01.31"]
[SourceQuality "1"]
[WhiteTeam "Ballerup"]
[BlackTeam "Hillerod"]
[WhiteTeamCountry "DEN"]
[BlackTeamCountry "DEN"]

1. e4 c6 2. d4 d5 3. e5 Bf5 4. h4 h5 5. Bd3 Bxd3 6. Qxd3 Qa5+ 7. Nd2 e6 8. Ngf3 Qa6 9. c4 Nh6 10. 0-0 Nf5 11. b3 Nd7 12. Bb2 Be7 13. g3 g6 14. a4 b6 15. a5 bxa5 16. Bc3 Bd8 17. b4 0-0 18. b5 cxb5 19. cxb5 Qb7 20. Bxa5 Be7 21. Rfb1 Rfc8 22. Bb4 Bxb4 23. Rxb4 a6 24. Rba4 axb5 1/2-1/2